La Inadmisión en el procedimiento administrativo: estudio de su configuración a la luz del proceso judicial
Uloženo v:
| Hlavní autor: | |
|---|---|
| Médium: | Neznámo |
| Jazyk: | angličtina španělština |
| Vydáno: |
Madrid, España
Iustel
2009
|
| Vydání: | Primera edición |
| Edice: | Monografías
|
| Témata: | |
| Tagy: |
Přidat tag
Žádné tagy, Buďte první, kdo vytvoří štítek k tomuto záznamu!
|
MARC
| LEADER | 00000 a2200000 4500 | ||
|---|---|---|---|
| 003 | CL-VaPUC | ||
| 005 | 20210921074644.0 | ||
| 008 | 200114b ||||| |||| 00| 0 eng d | ||
| 999 | |c 376430 |d 376428 | ||
| 020 | |a 9788498900361 | ||
| 040 | |c Pontificia Universidad Católica de Valparaíso | ||
| 041 | 0 | |a spa | |
| 082 | |a 342 CIE 2009 | ||
| 100 | 1 | |a Cierco Seira, César |9 605641 | |
| 245 | 1 | 3 | |a La Inadmisión en el procedimiento administrativo: |b estudio de su configuración a la luz del proceso judicial |
| 250 | |a Primera edición | ||
| 260 | 3 | |b Iustel |c 2009 |a Madrid, España | |
| 300 | |a 318 p | ||
| 490 | 0 | 0 | |a Monografías |
| 505 | 0 | |a Primera parte. La inadmisión en el proceso judicial. Segunda parte. La inadmisión en el procedimiento administrativo. | |
| 583 | |k Hugo Gaete |c 20200114 | ||
| 650 | 0 | 0 | |a Derecho administrativo |9 254851 |
| 650 | 0 | 0 | |a Procedimiento administrativo |9 256132 |
| 942 | |2 ddc |c BK | ||
| 952 | |0 0 |1 0 |2 ddc |4 0 |6 342_000000000000000_CIE_2009 |7 0 |9 495850 |a BIBDER |b BIBDER |d 2020-01-07 |e 36 |g 24643.00 |i 5571537 |o 342 CIE 2009 |p 5571537 |r 2023-01-25 |t 1 |v 24643.00 |w 2020-01-07 |y BK |k DER | ||